| 000 | 00429nam a2200145Ia 4500 | ||
|---|---|---|---|
| 008 | 220216s9999 xx 000 0 und d | ||
| 100 | _aRhodes E | ||
| 245 | 0 | _aTapping experiments on budded trees. Experiments on Pilmoor estate II | |
| 260 |
_bJournal of the Rubber Research Institute of Malaya _c1934 |
||
| 300 | _a113-138 | ||
| 650 | _aPilmoor estate | ||
| 650 | _aTapping experiments | ||
| 700 | _aMann C E T | ||
| 942 | _cJS | ||
| 999 |
_c70221 _d70221 |
||